00644cam a2200181 i 4500020003800000082001700038100003200055245002700087260005500114300002100169490006600190650004000256650001700296650002900313942000700342952009600349999001700445 a9780802868558 (pbk. : alk. paper)00a231.765bKAR1 aKärkkäinen, Veli-Matti.10aCreation and humanity  aUnited KingdombWm.B.Eerdmans Publishing Co.c2015 axix, 554 pages ;0 aA constructive Christian theology for the pluralistic world ; 0aTheological anthropology, Creation. 0aCreationism. 0aTheological anthropology cBK 00104070aHMIbHMIcGENd2018-10-30l0o231.765 KARp11003800r2026-01-16w2026-01-16yBK c22426d22426